000
00240 a2200097 4500
001
41744
100
_a
Oxford
245
_a
The Compact Edition of Oxford Engine Dictionary
260
_a
_b
Oxford University Press
_c
090
_c
25860
_d
25860
942
_a
NUST-CAE
_c
M
_c
17625
999
_c
276817
_d
276817